[Event "FIN-chT 2022"]
[Site "Finland"]
[Date "2022.04.10"]
[Round "2.1"]
[White "Kauppila, Osmo"]
[Black "Karttunen, Mika"]
[Result "1/2-1/2"]
[WhiteElo "2308"]
[BlackElo "2488"]
[PlyCount "116"]
[EventDate "2020.09.12"]
[EventType "team-tourn"]
[EventRounds "11"]
[EventCountry "FIN"]
[SourceTitle "EXT 2023"]
[Source "ChessBase"]
[SourceDate "2022.10.05"]
[SourceVersion "1"]
[SourceVersionDate "2022.10.05"]
[SourceQuality "1"]
[WhiteTeam "Sastamala VammSK II"]
[BlackTeam "Tampere Tammer"]
[WhiteTeamCountry "FIN"]
[BlackTeamCountry "FIN"]

1. d4 Nf6 2. Bf4 d5 3. e3 c5 4. Nf3 Nc6 5. Nbd2 cxd4 6. exd4 Qb6 7. Nb3 Bf5 8. c3 e6 9. a4 a6 10. a5 Qd8 11. Bd3 Bxd3 12. Qxd3 Nd7 13. h4 h6 14. 0-0 Be7 15. g3 g5 16. hxg5 hxg5 17. Be5 Rh6 18. g4 Ndxe5 19. dxe5 Qc7 20. Qe3 0-0-0 21. Kg2 Rdh8 22. Rh1 Rxh1 23. Rxh1 Rxh1 24. Kxh1 Qd8 25. Kg2 Qg8 26. Nfd4 Nb8 27. c4 dxc4 28. Qc3 Nd7 29. Qxc4+ Kb8 30. Nf3 Qd8 31. Qd3 Nf8 32. Qxd8+ Bxd8 33. Nc5 Be7 34. Ne4 Nh7 35. Kf1 Kc7 36. Nd4 Nf8 37. Nf3 Nh7 38. Nd4 Kd7 39. Ke2 Nf8 40. Nf3 Ng6 41. Kd3 Bb4 42. Nexg5 Ke7 43. Ne4 Bxa5 44. Nc5 Nf4+ 45. Kc4 b5+ 46. Kb3 Nh3 47. Nd4 Bb6 48. Nc6+ Ke8 49. Nxa6 Kd7 50. Nab8+ Kc8 51. Kb4 Nxf2 52. Kxb5 Be3 53. Na6 Nd3 54. b4 Bf4 55. Nc5 Nxe5 56. Nxe5 Bxe5 57. Kc6 Bd4 58. Ne4 Kd8 1/2-1/2

[Event "FIN-chT 2022"]
[Site "Finland"]
[Date "2021.11.28"]
[Round "10.1"]
[White "Ronka, Erik"]
[Black "Kauppila, Osmo"]
[Result "1-0"]
[WhiteElo "2283"]
[BlackElo "2308"]
[PlyCount "73"]
[EventDate "2020.09.12"]
[EventType "team-tourn"]
[EventRounds "11"]
[EventCountry "FIN"]
[SourceTitle "EXT 2023"]
[Source "ChessBase"]
[SourceDate "2022.10.05"]
[SourceVersion "1"]
[SourceVersionDate "2022.10.05"]
[SourceQuality "1"]
[WhiteTeam "Vantaa EtVaS"]
[BlackTeam "Sastamala VammSK II"]
[WhiteTeamCountry "FIN"]
[BlackTeamCountry "FIN"]

1. e4 c5 2. Nf3 Nc6 3. d4 cxd4 4. Nxd4 Nf6 5. Nc3 d6 6. Bg5 Bd7 7. Qd2 a6 8. 0-0-0 e6 9. f4 h6 10. Bh4 b5 11. Bxf6 gxf6 12. Kb1 Qb6 13. Nxc6 Bxc6 14. f5 h5 15. fxe6 fxe6 16. Bd3 b4 17. Ne2 Bh6 18. Qe1 Ke7 19. Rf1 Qc5 20. g3 Rhg8 21. Nf4 Bxf4 22. gxf4 Raf8 23. e5 fxe5 24. Qh4+ Kd7 25. Qxh5 e4 26. Qh7+ Kc8 27. Bxe4 Rh8 28. Qg6 Bd7 29. Qg3 Rfg8 30. Qb3 d5 31. Bh1 Bb5 32. Rfe1 Bc4 33. Qf3 Rxh2 34. Rc1 Rf2 35. Qh3 d4 36. Rxe6 Kb8 37. Qh7 1-0

[Event "FIN-chT 2022"]
[Site "Finland"]
[Date "2021.10.16"]
[Round "3.1"]
[White "Nyysti, Sampsa"]
[Black "Kauppila, Osmo"]
[Result "1/2-1/2"]
[WhiteElo "2366"]
[BlackElo "2308"]
[PlyCount "120"]
[EventDate "2020.09.12"]
[EventType "team-tourn"]
[EventRounds "11"]
[EventCountry "FIN"]
[SourceTitle "EXT 2023"]
[Source "ChessBase"]
[SourceDate "2022.10.05"]
[SourceVersion "1"]
[SourceVersionDate "2022.10.05"]
[SourceQuality "1"]
[WhiteTeam "Helsinki Ninja"]
[BlackTeam "Sastamala VammSK II"]
[WhiteTeamCountry "FIN"]
[BlackTeamCountry "FIN"]

1. e4 c5 2. Nc3 Nc6 3. Bb5 Nd4 4. Nf3 e6 5. 0-0 a6 6. Bd3 Nc6 7. b3 g6 8. Bb2 Bg7 9. Re1 d6 10. Rb1 Nge7 11. e5 dxe5 12. Na4 Qc7 13. Nxc5 0-0 14. Bf1 Nd4 15. Nd3 Nxf3+ 16. Qxf3 f6 17. c4 Nf5 18. Rbd1 Rd8 19. Nc1 Nd4 20. Qg3 Qf7 21. Bxd4 exd4 22. f4 Bf8 23. Be2 Bd6 24. Nd3 Bd7 25. Bf3 Rab8 26. Qf2 Bf8 27. Qxd4 Bc6 28. Qe3 Qd7 29. Bxc6 Qxc6 30. Nf2 Re8 31. d4 Rbd8 32. Re2 e5 33. fxe5 Rxe5 34. dxe5 Rxd1+ 35. Re1 Bc5 36. Qe2 Rxe1+ 37. Qxe1 Qe6 38. Qe4 Qxe5 39. Qxe5 fxe5 40. Kf1 Kf7 41. Ne4 Be7 42. a4 Ke6 43. g4 h5 44. h3 hxg4 45. hxg4 Kd7 46. Ke2 Kc6 47. Kd3 b5 48. cxb5+ axb5 49. axb5+ Kxb5 50. Nc3+ Kc5 51. Ke4 Bh4 52. Nd5 Bg3 53. Ne3 Kb4 54. Nc4 Kxb3 55. Nxe5 g5 56. Nf3 Bf4 57. Kf5 Kc4 58. Nxg5 Bc1 59. Ne6 Kd5 60. Nf4+ Kd6 1/2-1/2

[Event "FIN-chT 1617"]
[Site "Finland"]
[Date "2017.02.03"]
[Round "9.1"]
[White "Sklyarov, Dmitry V"]
[Black "Kauppila, Osmo"]
[Result "1-0"]
[WhiteElo "2437"]
[BlackElo "2315"]
[PlyCount "103"]
[EventDate "2016.09.17"]
[EventType "team-tourn"]
[EventRounds "11"]
[EventCountry "FIN"]
[SourceTitle "EXT 2022"]
[Source "ChessBase"]
[SourceDate "2021.10.06"]
[SourceVersion "1"]
[SourceVersionDate "2021.10.06"]
[SourceQuality "1"]
[WhiteTeam "Jyvaskyla JyS"]
[BlackTeam "Oulu OSS"]
[WhiteTeamCountry "FIN"]
[BlackTeamCountry "FIN"]

1. Nf3 Nf6 2. d4 c5 3. e3 g6 4. Nbd2 cxd4 5. exd4 Bg7 6. Be2 0-0 7. 0-0 Nc6 8. c3 d5 9. Re1 Nd7 10. Nb3 e5 11. dxe5 Ndxe5 12. Nxe5 Nxe5 13. Be3 Nc4 14. Bc5 Re8 15. Qc1 Bd7 16. Bd4 Rc8 17. Bxg7 Kxg7 18. Nd4 Qb6 19. Bxc4 dxc4 20. Qd2 Qc5 21. Rxe8 Rxe8 22. Re1 Qg5 23. Qd1 Bh3 24. g3 Rxe1+ 25. Qxe1 Kf8 26. f3 h5 27. Kf2 h4 28. Qe3 hxg3+ 29. hxg3 Qxe3+ 30. Kxe3 Ke7 31. Nc2 Bd7 32. Kd4 Kd6 33. Ne3 Be6 34. Nxc4+ Kc6 35. Ne5+ Kd6 36. c4 g5 37. c5+ Kc7 38. a3 Bb3 39. Nc4 b6 40. cxb6+ axb6 41. Nd2 Bd1 42. Ke5 Kc6 43. g4 Kc5 44. Ne4+ Kc4 45. Nxg5 Kb3 46. Kf4 f6 47. Ne4 Kxb2 48. Nxf6 Bb3 49. g5 Kxa3 50. g6 b5 51. Ke5 b4 52. f4 1-0

[Event "FIN-chT 1617"]
[Site "Finland"]
[Date "2016.09.17"]
[Round "1.1"]
[White "Agopov, Mikael"]
[Black "Kauppila, Osmo"]
[Result "0-1"]
[WhiteElo "2440"]
[BlackElo "2315"]
[PlyCount "92"]
[EventDate "2016.09.17"]
[EventType "team-tourn"]
[EventRounds "11"]
[EventCountry "FIN"]
[SourceTitle "CBM 174 Extra"]
[Source "ChessBase"]
[SourceDate "2016.10.10"]
[SourceVersion "1"]
[SourceVersionDate "2016.10.10"]
[SourceQuality "1"]
[WhiteTeam "Helsinki Velhot"]
[BlackTeam "Oulu OSS"]
[WhiteTeamCountry "FIN"]
[BlackTeamCountry "FIN"]

1. e4 c5 2. Nf3 Nc6 3. d4 cxd4 4. Nxd4 Nf6 5. Nc3 e5 6. Ndb5 d6 7. Bg5 a6 8. Na3 b5 9. Bxf6 gxf6 10. Nd5 Bg7 11. Bd3 Ne7 12. Nxe7 Qxe7 13. 0-0 0-0 14. c4 f5 15. Qh5 Rb8 16. exf5 e4 17. Rae1 Bb7 18. Bb1 Bxb2 19. Bxe4 Bxe4 20. Qg4+ Kh8 21. Rxe4 Qf6 22. Nc2 bxc4 23. Rxc4 d5 24. Rb4 d4 25. Rd1 Bc3 26. Rxb8 Rxb8 27. h3 Rb5 28. Nxd4 Rb4 29. Rc1 Rxd4 30. Qf3 Rc4 31. g4 h6 32. Qe2 Rc5 33. Qe8+ Kg7 34. Rb1 Re5 35. Qc8 Re1+ 36. Rxe1 Bxe1 37. Kf1 Bb4 38. Kg2 a5 39. Qc4 Qc3 40. Qd5 Bc5 41. h4 Qd4 42. Qxd4+ Bxd4 43. f4 Bc3 44. h5 Bd2 45. Kf3 f6 46. Ke4 Kf7 0-1

[Event "FIN-chT 1516"]
[Site "Finland"]
[Date "2015.11.07"]
[Round "5.2"]
[White "Kauppila, Osmo"]
[Black "Ladva, Ottomar"]
[Result "1/2-1/2"]
[WhiteElo "2318"]
[BlackElo "2423"]
[PlyCount "67"]
[EventDate "2015.09.12"]
[EventType "team-tourn"]
[EventRounds "11"]
[EventCountry "FIN"]
[SourceTitle "EXT 2017"]
[Source "ChessBase"]
[SourceDate "2016.10.25"]
[SourceVersion "1"]
[SourceVersionDate "2016.10.25"]
[SourceQuality "1"]
[WhiteTeam "Oulu OSS"]
[BlackTeam "Espoo MatSK"]
[WhiteTeamCountry "FIN"]
[BlackTeamCountry "FIN"]

1. d4 Nf6 2. c4 e6 3. Nc3 Bb4 4. Qc2 0-0 5. Nf3 d6 6. g3 b6 7. Bg2 Bb7 8. 0-0 Bxc3 9. Qxc3 Nbd7 10. b4 a5 11. b5 Qe7 12. Ba3 Rae8 13. Ne5 Bxg2 14. Kxg2 Qd8 15. Nc6 Qa8 16. Qf3 e5 17. e3 exd4 18. exd4 Re4 19. Rfe1 Rfe8 20. Rxe4 Rxe4 21. Re1 Qe8 22. Rxe4 Nxe4 23. Qe3 Kf8 24. f3 Nef6 25. Kf2 Qxe3+ 26. Kxe3 Ke8 27. d5 Ng8 28. Bb2 g6 29. Bd4 Ne7 30. Nxe7 Kxe7 31. g4 f6 32. f4 Kf7 33. g5 Ke7 34. Ke4 1/2-1/2

[Event "FIN-chT 1415"]
[Site "Finland"]
[Date "2014.09.27"]
[Round "1.2"]
[White "Kauppila, Osmo"]
[Black "Pohjala, Henri"]
[Result "1/2-1/2"]
[WhiteElo "2299"]
[BlackElo "2409"]
[PlyCount "58"]
[EventDate "2014.09.27"]
[EventType "team-tourn"]
[EventRounds "11"]
[EventCountry "FIN"]
[SourceTitle "CBM 162 Extra"]
[Source "ChessBase"]
[SourceDate "2014.10.17"]
[SourceVersion "1"]
[SourceVersionDate "2014.10.17"]
[SourceQuality "1"]
[WhiteTeam "Oulu OSS"]
[BlackTeam "Tampere Tammer"]
[WhiteTeamCountry "FIN"]
[BlackTeamCountry "FIN"]

1. d4 d5 2. c4 dxc4 3. e4 Nf6 4. e5 Nd5 5. Bxc4 Nb6 6. Bb3 Bf5 7. Ne2 e6 8. 0-0 Nc6 9. Nbc3 Be7 10. Be3 Qd7 11. Qc1 0-0-0 12. Rd1 Nb4 13. Ng3 Bg6 14. Nge4 Kb8 15. a3 N4d5 16. Nc5 Qc8 17. a4 Nxe3 18. Qxe3 Nd7 19. N5e4 c6 20. a5 a6 21. Nd2 Qc7 22. Nc4 Rhe8 23. Ne4 Bxe4 24. Qxe4 g6 25. f4 Nf8 26. Nb6 Bb4 27. Nc4 Be7 28. Nb6 Bb4 29. Nc4 Be7 1/2-1/2

[Event "Kuopio We KSY A"]
[Site "Kuopio"]
[Date "2014.04.27"]
[Round "4"]
[White "Kauppila, Osmo"]
[Black "Heikkila, Antti"]
[Result "1-0"]
[WhiteElo "2299"]
[BlackElo "1944"]
[PlyCount "31"]
[EventDate "2014.04.26"]
[EventType "swiss"]
[EventRounds "5"]
[EventCountry "FIN"]
[SourceTitle "EXT 2022"]
[Source "ChessBase"]
[SourceDate "2021.10.06"]
[SourceVersion "1"]
[SourceVersionDate "2021.10.06"]
[SourceQuality "1"]

1. Nf3 b6 2. e4 Bb7 3. Nc3 c5 4. d4 cxd4 5. Nxd4 g6 6. Bg5 Na6 7. Ndb5 f6 8. Be3 Nh6 9. Bc4 Nc5 10. Nd5 Ne6 11. Qe2 Qb8 12. 0-0 a6 13. Nd4 b5 14. Bb3 Qe5 15. Nxe6 dxe6 16. Bf4 1-0

[Event "FIN-chT 1314"]
[Site "Finland"]
[Date "2014.03.09"]
[Round "11.2"]
[White "Sklyarov, Dmitry V"]
[Black "Kauppila, Osmo"]
[Result "1-0"]
[WhiteElo "2424"]
[BlackElo "2303"]
[PlyCount "53"]
[EventDate "2013.09.21"]
[EventType "team-tourn"]
[EventRounds "11"]
[EventCountry "FIN"]
[SourceTitle "EXT 2015"]
[Source "ChessBase"]
[SourceDate "2014.11.20"]
[SourceVersion "1"]
[SourceVersionDate "2014.11.20"]
[SourceQuality "1"]
[WhiteTeam "Joensuu SK"]
[BlackTeam "Oulu OSS"]
[WhiteTeamCountry "FIN"]
[BlackTeamCountry "FIN"]

1. e4 c5 2. Nf3 d6 3. Nc3 Nf6 4. e5 dxe5 5. Nxe5 a6 6. g3 Qc7 7. d4 cxd4 8. Qxd4 Nc6 9. Nxc6 Qxc6 10. Bg5 Bg4 11. Bxf6 Bf3 12. Bxg7 Rd8 13. Qe5 Rd6 14. Bh3 f6 15. Bxf6 Rxf6 16. 0-0 Bg7 17. Rae1 0-0 18. Be6+ Kh8 19. Bd5 Bxd5 20. Qxd5 Qb6 21. Qb3 Qd4 22. Nd1 Rb6 23. c3 Rxb3 24. cxd4 Rb4 25. Rxe7 Bxd4 26. Re4 Rd8 27. Ne3 1-0

[Event "FIN-chT 1314"]
[Site "Finland"]
[Date "2014.02.08"]
[Round "7.2"]
[White "Luukkonen, Tommi"]
[Black "Kauppila, Osmo"]
[Result "1-0"]
[WhiteElo "2291"]
[BlackElo "2303"]
[PlyCount "84"]
[EventDate "2013.09.21"]
[EventType "team-tourn"]
[EventRounds "11"]
[EventCountry "FIN"]
[SourceTitle "EXT 2015"]
[Source "ChessBase"]
[SourceDate "2014.11.20"]
[SourceVersion "1"]
[SourceVersionDate "2014.11.20"]
[SourceQuality "1"]
[WhiteTeam "Jyvaskyla JyS"]
[BlackTeam "Oulu OSS"]
[WhiteTeamCountry "FIN"]
[BlackTeamCountry "FIN"]

1. d4 Nf6 2. c4 c5 3. d5 e6 4. Nc3 exd5 5. cxd5 d6 6. e4 g6 7. f4 Bg7 8. Bb5+ Nfd7 9. a4 0-0 10. Nf3 Na6 11. 0-0 Nb4 12. Re1 a6 13. Bf1 Re8 14. Bd2 f5 15. e5 dxe5 16. d6 e4 17. Qb3+ Kh8 18. Ng5 Bd4+ 19. Kh1 Qf6 20. Ncxe4 fxe4 21. Nxe4 Qf8 22. Nxc5 Rxe1 23. Rxe1 Nxc5 24. Qxb4 Qxd6 25. Bc3 Bxc3 26. Qxc3+ Kg8 27. Re8+ Kf7 28. Qh8 Ne6 29. f5 Nf8 30. Re1 Qb4 31. fxg6+ hxg6 32. Rc1 Be6 33. Bd3 Re8 34. Rf1+ Ke7 35. Qe5 Nd7 36. Qg5+ Kd6 37. Bxg6 Rf8 38. Qg3+ Ke7 39. Qg5+ Kd6 40. Qg3+ Ke7 41. Qg5+ Rf6 42. Bh5 Qh4 1-0

[Event "FIN-chT 1213"]
[Site "Finland"]
[Date "2013.01.12"]
[Round "8.1"]
[White "Luukkonen, Tommi"]
[Black "Kauppila, Osmo"]
[Result "1-0"]
[WhiteElo "2323"]
[BlackElo "2280"]
[PlyCount "73"]
[EventDate "2012.09.28"]
[EventType "team-tourn"]
[EventRounds "11"]
[EventCountry "FIN"]
[SourceTitle "EXT 2014"]
[Source "ChessBase"]
[SourceDate "2013.11.20"]
[SourceVersion "1"]
[SourceVersionDate "2013.11.20"]
[SourceQuality "1"]
[WhiteTeam "Jyvaskyla JyS"]
[BlackTeam "Oulu OSS"]
[WhiteTeamCountry "FIN"]
[BlackTeamCountry "FIN"]

1. d4 Nf6 2. c4 g6 3. f3 Nc6 4. d5 Ne5 5. e4 d6 6. Nc3 Bg7 7. f4 Ned7 8. Nf3 0-0 9. Bd3 c6 10. 0-0 Qb6+ 11. Kh1 Nc5 12. Bc2 cxd5 13. e5 Ne8 14. Nxd5 Qd8 15. b4 Nd7 16. Bb2 Nb6 17. Ne3 Be6 18. Qe2 Qc8 19. Bb3 dxe5 20. fxe5 Nc7 21. Ng5 Bh6 22. Nxe6 fxe6 23. Ng4 Bg7 24. Bd4 Qd7 25. Qe3 Rxf1+ 26. Rxf1 Rf8 27. Rd1 Qc8 28. h4 Nca8 29. h5 gxh5 30. Nh6+ Kh8 31. Bc2 Qe8 32. Qg5 Nxc4 33. Bc5 Bxh6 34. Qxh6 Rf7 35. Qxe6 b5 36. Qh6 e6 37. Bxh7 1-0

[Event "Kuopio We KSY"]
[Site "Kuopio"]
[Date "2013.??.??"]
[Round "1"]
[White "Kauppila, Osmo"]
[Black "Iivonen, Markku"]
[Result "1-0"]
[WhiteElo "2285"]
[BlackElo "2049"]
[PlyCount "109"]
[EventDate "2013.??.??"]
[EventType "swiss"]
[EventRounds "5"]
[EventCountry "FIN"]
[SourceTitle "EXT 2022"]
[Source "ChessBase"]
[SourceDate "2021.10.06"]
[SourceVersion "1"]
[SourceVersionDate "2021.10.06"]
[SourceQuality "1"]

1. d4 d5 2. c4 e6 3. Nf3 c5 4. cxd5 exd5 5. g3 Nc6 6. Bg2 Nf6 7. 0-0 Be7 8. Nc3 0-0 9. dxc5 Bxc5 10. a3 Re8 11. b4 Be7 12. Bb2 Be6 13. Nd4 Bg4 14. h3 Bd7 15. Re1 a5 16. b5 Ne5 17. Nxd5 Nc4 18. Qb3 Nxb2 19. Nxe7+ Qxe7 20. Qxb2 Ne4 21. Rac1 Qf6 22. e3 Ng5 23. h4 Nh3+ 24. Bxh3 Bxh3 25. Qe2 Rad8 26. Qf3 Qxf3 27. Nxf3 Bf5 28. Nd4 Bg6 29. Red1 Rd7 30. Rc5 f6 31. Rdc1 Kf7 32. b6 Re5 33. Rc7 Red5 34. Rxd7+ Rxd7 35. Rc7 Ke7 36. Nc6+ Kd6 37. Rxd7+ Kxd7 38. Nxa5 Be4 39. Kf1 Bf3 40. Ke1 Kd6 41. Kd2 Kc5 42. Kc3 Kxb6 43. Kb4 Kc7 44. Nb3 b6 45. Nd4 Bd5 46. a4 h5 47. a5 bxa5+ 48. Kxa5 g5 49. Kb4 Kd6 50. Kb5 Be4 51. Kc4 Ke5 52. f3 Bg6 53. Nc6+ Kd6 54. Nb4 Ke5 55. Nd3+ 1-0

[Event "Kuopio We KSY"]
[Site "Kuopio"]
[Date "2013.??.??"]
[Round "5"]
[White "Kauppila, Osmo"]
[Black "Ronka, Erik"]
[Result "1/2-1/2"]
[WhiteElo "2285"]
[BlackElo "2084"]
[PlyCount "78"]
[EventDate "2013.??.??"]
[EventType "swiss"]
[EventRounds "5"]
[EventCountry "FIN"]
[SourceTitle "EXT 2022"]
[Source "ChessBase"]
[SourceDate "2021.10.06"]
[SourceVersion "1"]
[SourceVersionDate "2021.10.06"]
[SourceQuality "1"]

1. d4 d5 2. c4 e6 3. Nf3 c5 4. cxd5 exd5 5. g3 Nc6 6. Bg2 Nf6 7. 0-0 Be7 8. Nc3 0-0 9. dxc5 Bxc5 10. Na4 Be7 11. Be3 Bg4 12. Rc1 Re8 13. Nc5 Qb6 14. Nb3 Qa6 15. a3 Rad8 16. Nbd4 Na5 17. Qd3 Nc4 18. Bf4 Ne4 19. Rc2 g5 20. Bc1 Nc5 21. Qd1 Ne4 22. a4 Bf6 23. b3 Ncd6 24. Qd3 Rc8 25. Qxa6 bxa6 26. Ba3 Rxc2 27. Nxc2 Rb8 28. h3 Bd7 29. Bxd6 Nxd6 30. Rd1 Rxb3 31. Rxd5 Be7 32. a5 Rb5 33. Nfd4 Rxd5 34. Bxd5 Bd8 35. Nc6 Bc7 36. Kg2 Kf8 37. N2b4 Bxc6 38. Nxc6 Nb7 39. Kf3 Nxa5 1/2-1/2

[Event "FIN-chT 1213"]
[Site "Finland"]
[Date "2012.10.27"]
[Round "4.2"]
[White "Kauppila, Osmo"]
[Black "Miezis, Normunds"]
[Result "0-1"]
[WhiteElo "2280"]
[BlackElo "2574"]
[PlyCount "82"]
[EventDate "2012.09.28"]
[EventType "team-tourn"]
[EventRounds "11"]
[EventCountry "FIN"]
[SourceTitle "EXT 2013"]
[Source "ChessBase"]
[SourceDate "2012.11.22"]
[SourceVersion "1"]
[SourceVersionDate "2012.11.22"]
[SourceQuality "1"]
[WhiteTeam "Oulu OSS"]
[BlackTeam "Helsinki Aatos"]
[WhiteTeamCountry "FIN"]
[BlackTeamCountry "FIN"]

1. d4 Nf6 2. c4 e6 3. Nf3 Bb4+ 4. Bd2 c5 5. Bxb4 cxb4 6. g3 0-0 7. Bg2 d6 8. 0-0 Qe7 9. a3 bxa3 10. Nxa3 Nc6 11. Nb5 Bd7 12. Qb3 a6 13. Nc3 Rab8 14. Rfd1 Rfc8 15. e4 e5 16. d5 Nd8 17. Ne1 b5 18. cxb5 Bxb5 19. Nxb5 Rxb5 20. Qa3 Rcb8 21. Nd3 a5 22. Qc3 Nb7 23. b4 Qd8 24. Rdc1 h5 25. Qa3 axb4 26. Nxb4 Qb6 27. Nc6 Re8 28. Qa7 Qxa7 29. Rxa7 g6 30. Bf1 Rb2 31. f3 h4 32. g4 Nh7 33. Ba6 Nc5 34. Rxc5 dxc5 35. d6 Ng5 36. d7 Nxf3+ 37. Kf1 Nxh2+ 38. Kg1 Nf3+ 39. Kf1 Rf8 40. Rb7 Rd2 41. Be2 Nd4 0-1

[Event "FIN-chT 1112"]
[Site "Finland"]
[Date "2012.02.11"]
[Round "8.2"]
[White "Kauppila, Osmo"]
[Black "Miezis, Normunds"]
[Result "0-1"]
[WhiteElo "2293"]
[BlackElo "2534"]
[PlyCount "80"]
[EventDate "2011.09.17"]
[EventType "team-tourn"]
[EventRounds "11"]
[EventCountry "FIN"]
[SourceTitle "EXT 2013"]
[Source "ChessBase"]
[SourceDate "2012.11.22"]
[SourceVersion "1"]
[SourceVersionDate "2012.11.22"]
[SourceQuality "1"]
[WhiteTeam "Oulu OSS"]
[BlackTeam "Helsinki Aatos"]
[WhiteTeamCountry "FIN"]
[BlackTeamCountry "FIN"]

1. e4 c5 2. Nf3 e6 3. d4 cxd4 4. Nxd4 a6 5. Nc3 Qc7 6. Bd3 Nc6 7. Nxc6 dxc6 8. 0-0 e5 9. f4 Nf6 10. Kh1 h5 11. f5 Bc5 12. Rf3 b5 13. Qe2 Bb7 14. a4 Qb6 15. Bg5 Bd4 16. Nd1 Rd8 17. Rh3 Qa5 18. c3 Ba7 19. b4 Qc7 20. Nb2 Rd7 21. Be3 Bb6 22. a5 Bxe3 23. Qxe3 c5 24. bxc5 Ng4 25. Qg1 Ke7 26. Rg3 Rc8 27. c4 bxc4 28. Nxc4 Qxc5 29. Qxc5+ Rxc5 30. Bf1 Rdc7 31. Nd2 Rc2 32. Nb3 Kf6 33. Kg1 Nf2 34. Re3 Nxe4 35. Rae1 R2c3 36. Rxc3 Rxc3 37. Rb1 Kxf5 38. Nd4+ exd4 39. Rxb7 d3 40. Rxf7+ Ke6 0-1

[Event "Raahe We RaahLi"]
[Site "Raahe"]
[Date "2012.??.??"]
[Round "2"]
[White "Peltomaa, Jukka"]
[Black "Kauppila, Osmo"]
[Result "0-1"]
[WhiteElo "1945"]
[BlackElo "2303"]
[PlyCount "76"]
[EventDate "2012.??.??"]
[EventType "swiss"]
[EventRounds "5"]
[EventCountry "FIN"]
[SourceTitle "EXT 2022"]
[Source "ChessBase"]
[SourceDate "2021.10.06"]
[SourceVersion "1"]
[SourceVersionDate "2021.10.06"]
[SourceQuality "1"]

1. d4 Nf6 2. Nf3 g6 3. c4 Bg7 4. Nc3 d5 5. cxd5 Nxd5 6. e4 Nxc3 7. bxc3 c5 8. Rb1 0-0 9. Be2 b6 10. 0-0 Qc7 11. Qd3 Ba6 12. Qe3 Bxe2 13. Qxe2 Nd7 14. Bg5 e5 15. Rfd1 cxd4 16. cxd4 exd4 17. Nxd4 Nc5 18. f3 a6 19. Qc2 Rac8 20. Ne2 Ne6 21. Qxc7 Rxc7 22. Be3 Rc2 23. Rd2 Rfc8 24. Rbd1 b5 25. Nf4 Rxd2 26. Rxd2 Nxf4 27. Bxf4 b4 28. Rd6 a5 29. e5 g5 30. Bxg5 Bxe5 31. Rd5 f6 32. Be3 Rc3 33. Kf2 a4 34. f4 Rc2+ 35. Rd2 Rxd2+ 36. Bxd2 b3 37. axb3 axb3 38. Bc1 Bxf4 0-1

[Event "FIN-chT 1112"]
[Site "Finland"]
[Date "2011.11.20"]
[Round "6.2"]
[White "Sepp, Olav"]
[Black "Kauppila, Osmo"]
[Result "1-0"]
[WhiteElo "2485"]
[BlackElo "2293"]
[PlyCount "131"]
[EventDate "2011.09.17"]
[EventType "team-tourn"]
[EventRounds "11"]
[EventCountry "FIN"]
[SourceTitle "EXT 2013"]
[Source "ChessBase"]
[SourceDate "2012.11.22"]
[SourceVersion "1"]
[SourceVersionDate "2012.11.22"]
[SourceQuality "1"]
[WhiteTeam "Vantaa"]
[BlackTeam "Oulu OSS"]
[WhiteTeamCountry "FIN"]
[BlackTeamCountry "FIN"]

1. Nf3 d5 2. g3 Bg4 3. Bg2 Nd7 4. d3 e6 5. 0-0 Bd6 6. c4 c6 7. cxd5 cxd5 8. Nc3 Ne7 9. Nb5 Bb8 10. Qb3 Nc6 11. Bg5 f6 12. Be3 Qe7 13. Nc7+ Bxc7 14. Qxb7 Kf7 15. Qxc6 Bxf3 16. exf3 Ne5 17. Qc2 Bb6 18. Bxb6 axb6 19. f4 Rhc8 20. Qe2 Nc6 21. f5 Nd4 22. fxe6+ Kg8 23. Qh5 Rc5 24. Qf7+ Qxf7 25. exf7+ Kf8 26. b4 Rc3 27. Bxd5 Rd8 28. Bg2 Ra3 29. Rfd1 Kxf7 30. Kf1 Nc2 31. Rab1 Rxa2 32. b5 Nd4 33. Rdc1 Rd7 34. Rc8 Rd2 35. Rb8 Re7 36. Bd5+ Kg6 37. Be4+ f5 38. Rxb6+ Kh5 39. Rb7 Re6 40. Rb4 fxe4 41. Rxd4 Rf6 42. Rxe4 Rfxf2+ 43. Ke1 Rxh2 44. Rxg7 Kh6 45. Rgg4 Rb2 46. Rh4+ Rxh4 47. gxh4 Rxb5 48. Kd2 Kg6 49. Ke3 Kf6 50. Kd4 Rb8 51. Rf4+ Ke6 52. Ke4 Rb1 53. Rg4 Rh1 54. Rf4 h5 55. Kd4 Kd6 56. Ke3 Rh3+ 57. Ke4 Ke6 58. d4 Rh1 59. d5+ Kd6 60. Rf6+ Ke7 61. Rh6 Rxh4+ 62. Ke5 Ra4 63. Rh7+ Kd8 64. Ke6 Ra1 65. Rh8+ Kc7 66. d6+ 1-0

[Event "FIN-chT 1112"]
[Site "Finland"]
[Date "2011.10.16"]
[Round "4.3"]
[White "Rantanen, Yrjo A"]
[Black "Kauppila, Osmo"]
[Result "0-1"]
[WhiteElo "2400"]
[BlackElo "2293"]
[PlyCount "62"]
[EventDate "2011.09.17"]
[EventType "team-tourn"]
[EventRounds "11"]
[EventCountry "FIN"]
[SourceTitle "CBM 144 Extra"]
[Source "ChessBase"]
[SourceDate "2011.10.28"]
[SourceVersion "1"]
[SourceVersionDate "2011.10.28"]
[SourceQuality "1"]
[WhiteTeam "Salo SK"]
[BlackTeam "Oulu OSS"]
[WhiteTeamCountry "FIN"]
[BlackTeamCountry "FIN"]

1. e4 e5 2. Nf3 Nc6 3. Bb5 a6 4. Ba4 Nf6 5. 0-0 b5 6. Bb3 Bc5 7. c3 d6 8. d4 Bb6 9. a4 Bg4 10. Bg5 Rb8 11. axb5 axb5 12. Bd5 Ne7 13. dxe5 Nexd5 14. exf6 Nxf6 15. Qd3 0-0 16. Nd4 Bd7 17. Na3 h6 18. Bxf6 Qxf6 19. Ndxb5 Rfe8 20. Kh1 Qf4 21. Rae1 Re5 22. g3 Qg4 23. f4 Rh5 24. Re2 f5 25. Rg2 fxe4 26. Qxe4 Re8 27. Qc4+ Kf8 28. Nd4 Bxd4 29. cxd4 Be6 30. Qc1 Bd5 31. Rff2 Qxg3 0-1